Jeux de la série WarioWare - Statistiques

Statistiques générales
  • Ce quiz a été pris 8 fois
  • Le résultat moyen est 6 sur 10
Statistiques - réponses
Console/Année de Sortie Nom du jeu % Correct
GBA et GameCube/2003 WarioWare,Inc. : Mega Mini-jeux
88%
Nintendo 3DS/2018 WarioWare Gold
75%
Nintendo DS/2004 WarioWare : Touched!
75%
Wii/2006 WarioWare : Smooth Moves
63%
GBA/2004 WarioWare : Twisted!
63%
Wii U/2013 Game & Wario
50%
Nintendo DS/2010 WarioWare : D.I.Y.
50%
Nintendo Switch/2024 WarioWare : Move It !
50%
Nintendo Switch/2021 WarioWare : Get it Together !
38%
DSiWare/2008 WarioWare : Snapped!
38%
Aucun quiz correspondant
Distribution des résultats
% des personnes avec chaque résultat
Percentile par nombre de réponses
Votre historique - résultats
Vous n’avez pas pris ce quiz